| 000 | 00716nam a22002177a 4500 | ||
|---|---|---|---|
| 999 |
_c11362 _d11362 |
||
| 003 | AR-CdUCM | ||
| 008 | 190403b ||||| |||| 00| 0 spa d | ||
| 040 |
_aMUNICIPALIDAD PROVINCIAL DEL CUSCO _cBIBLIOTECA MUNICIPAL DEL CUSCO |
||
| 082 |
_a346.985 / _bOV93 / 1861 |
||
| 100 |
_aOviedo, D. Juan _928691 |
||
| 245 | _aColeccion de leyes, decretos y ordenes / | ||
| 260 |
_aLima : _bLiberia central portal de botoneros, _c1861. |
||
| 300 |
_a454 paginas ; _c29 cm. |
||
| 500 | _aDedicatoria | ||
| 505 | _aContenido : Leyes, decretos y ordenes | ||
| 650 |
_aleyes _94808 |
||
| 650 |
_a´Perú _928692 |
||
| 710 |
_aMinisterio de gobierno - Culto y obras publicas _928693 |
||
| 942 |
_2ddc _cLIBROS |
||
| 945 | _awnts | ||